| 000 | 00805nam a2200217Ii 4500 | ||
|---|---|---|---|
| 003 | JO-AjNU | ||
| 008 | 230605s9999||||xx |||||||||||||| ||und|| | ||
| 017 | _a2021/10/5947 | ||
| 020 | _a978-9957-94-732-3 | ||
| 040 |
_aJO-AjNU _bara _erda _cJO-AjNU |
||
| 041 | _aara | ||
| 050 | 1 | 4 | _aUA853.J67.Z83 2020 |
| 100 | 3 |
_aالزعبي، "احمد شريف" عيسى, _eauthor _963689 |
|
| 245 | 0 | 0 | _aالجيش العربي مسيرة عز وفخار |
| 264 | 3 | 1 | _aعمان: وزارة الثقافه، 2021 |
| 300 |
_a260ص _bاصدارات مئوية الدولة الاردنية 2021 |
||
| 336 |
_atext _btxt _2rdacontent |
||
| 337 |
_aunmediated _bn _2rdamedia |
||
| 338 |
_avolume _bnc _2rdacarrier |
||
| 650 | 4 |
_aالقوات المسلحة-الجيش العربي-الثورة العربية _963690 |
|
| 999 |
_aA28903 _c32471 _d32471 |
||